000 00372 a2200169 4500
001 48715
020 _a85-08-00629-2
040 _cAnchieta - Bela Vista
100 _aBelinky, Tatiana
240 1 0 _aMedroso! Medroso!
_lpor
245 1 0 _aMedroso! Medroso!
300 _a24
362 0 _a1985
440 1 _aÁtica
650 4 _aLiteratura infanto-juvenil
942 _cBK
999 _c48715
_d48715